| 000 | 00481nam a2200193Ia 4500 | ||
|---|---|---|---|
| 003 | OSt | ||
| 005 | 20230607084528.0 | ||
| 008 | 210423s2009 xx 000 0 und d | ||
| 040 | _cAL | ||
| 041 | _aeng | ||
| 082 | _a658 SAGO | ||
| 100 |
_aSAGE _9120833 |
||
| 245 | _aOrisa journal of management cases | ||
| 260 |
_aNew Delhi _bSage Publications _c2009 |
||
| 365 | _cINR | ||
| 650 |
_aManagement _9120834 |
||
| 906 | _acases ; journal ; management ; Orisa | ||
| 942 |
_2ddc _cBK |
||
| 999 |
_c176048 _d176048 |
||